Developing Chinese Intermediate Speaking Course Vol 1
Αποθηκεύτηκε σε:
| Μορφή: | Βιβλίο |
|---|---|
| Έκδοση: |
China
Beijing Language And Culture University Press
2011
|
| Έκδοση: | 2nd edition |
| Θέματα: | |
| Ετικέτες: |
Προσθήκη ετικέτας
Δεν υπάρχουν, Καταχωρήστε ετικέτα πρώτοι!
|
| Thư viện lưu trữ: | Trung tâm Học liệu Lê Vũ Hùng, Trường Đại học Đồng Tháp |
|---|
| LEADER | 00901pam a22003498a 4500 | ||
|---|---|---|---|
| 001 | 00035464 | ||
| 005 | 20171026081025.0 | ||
| 008 | 161208s2011 ||||||Chisd | ||
| 020 | # | # | |c 480000 |a 9787561930687 |
| 041 | 0 | # | |a Chi |
| 082 | 1 | 4 | |a 495.1 |b D207CH |
| 245 | 1 | 0 | |a Developing Chinese |b Intermediate Speaking Course |n Vol 1 |
| 250 | # | # | |a 2nd edition |
| 260 | # | # | |b Beijing Language And Culture University Press |c 2011 |a China |
| 300 | # | # | |a 212 tr. |c 28 cm. |e 1 CD |
| 653 | # | # | |a Luyện nói |
| 653 | # | # | |a Tự học |
| 653 | # | # | |a Tiếng Hoa |
| 653 | # | # | |a Thực hành |
| 653 | # | # | |a Ngôn ngữ |
| 852 | # | # | |j KD.0019141 |
| 852 | # | # | |b Kho đọc |j KD.0019141 |
| 910 | # | # | |d 08/12/2016 |
| 980 | # | # | |a Trung tâm Học liệu Lê Vũ Hùng, Trường Đại học Đồng Tháp |


